000 00596nam a22002297a 4500
003 OSt
005 20140310182015.0
008 121121t xxu||||| |||| 00| 0 eng d
020 _a0886824761
050 _aPZ 7
_b.Sa158 1991
082 _aKF
_bSa2s 1991
100 _aSaki
_96490
245 _aThe story teller /
_cSaki.
260 _aMinnesota :
_bCreative Education, Inc.,
_c1991.
300 _a32 p. ;
_bcol. ;
_c22 cm.
541 _j1
562 _e1
650 _aStorytelling
_xFiction
_96491
650 _aHumorous stories
_93831
700 _aSaki
_96492
942 _2lcc
_cBK-KF
_kKF
999 _c8222
_d8222